000 00343nam a2200145 a 4500
008 990524s1973||||xx 0 und c
020 _a621
_c35
040 _aSNK
_bslo
_cSNK
_eAACR2
100 1 _aDumas, Alexandre
245 1 0 _aDobytie Bastily 2
260 _aBratislava
_bTatran
_c1973
300 _a350 s.
044 _axo
_cSK
041 _aslo
999 _c10296
_d10296